| 000 | 00823cam a2200241 a 4500 | ||
|---|---|---|---|
| 001 | 000009815 | ||
| 005 | 20200929161721.0 | ||
| 008 | 790717s1978 sp 000 p cat | ||
| 015 | _aSp*** | ||
| 020 | _a842971426X | ||
| 040 |
_aDO-SdBNP _bBNPHU _dCatalogación noche |
||
| 082 |
_a849.9 _bE778a |
||
| 100 | 1 |
_aEspriu, Salvador, _d1913-1981 _924720 |
|
| 245 | 1 | 0 |
_aAntología poética / _cSalvador Espriu ; a cura de J. M. Castellet. |
| 260 |
_aBarcelona : _bEdicions 62, _c1978. |
||
| 300 |
_a155 p. ; _c19 cm. |
||
| 490 | 1 |
_aLes Millors obres de la literatura catalana _v2 |
|
| 650 | 4 |
_aPoesía catalana _93127 |
|
| 650 | 4 |
_aLiteratura catalana _93128 |
|
| 700 | 1 |
_aCastellet, J. M. _q(Josep Maria), _d1926- _98961 |
|
| 830 | 4 |
_aLes Millors obres de la literatura catalana ; _v2 _924721 |
|
| 910 | _aCatalogación derivada | ||
| 999 |
_c9574 _d9574 |
||